Labor flexibility and regional unemployment in Mexico : (Record no. 190683)

MARC details
000 -CABECERA
campo de control de longitud fija 01477nab a2200253 a 4500
005 - FECHA Y HORA DE LA ÚLTIMA TRANSACCIÓN
campo de control 20210219163217.0
008 - ELEMENTOS DE LONGITUD FIJA--INFORMACIÓN GENERAL
campo de control de longitud fija 991125s1985 mx 000 0 spa u
035 ## - NÚMERO DE CONTROL DEL SISTEMA
Número de control de sistema UPN01000218583
049 ## - COLECCIÓN
Colección ART
100 1# - ASIENTO PRINCIPAL--NOMBRE PERSONAL
Nombre de persona Mendoza Cota, Jorge Eduardo
100 1# - ASIENTO PRINCIPAL--NOMBRE PERSONAL
Filiación emendoza@colef.mx
222 #0 - TÍTULO CLAVE
Título clave ECONOMIA, SOCIEDAD Y TERRITORIO
245 00 - MENCIÓN DE TÍTULO
Título Labor flexibility and regional unemployment in Mexico :
Resto del título a panel cointegration analysis
260 ## - PUBLICACIÓN, DISTRIBUCIÓN, ETC.
Lugar de publicación, distribución, etc. Toluca, México
300 ## - DESCRIPCIÓN FÍSICA
Extensión 35-62
362 0# - FECHAS DE PUBLICACIÓN Y/O DESIGNACIÓN SECUENCIAL
Fecha de publicación y/o designación secuencial 2017 Volumen 17, número 53, enero-abril
520 3# - NOTA DE RESUMEN, ETC.
Sumario, etc. Con el fin de corroborar el efecto de largo plazo de la flexibilidad laboral numérica en la tasa de desempleo de los trabajadores formales de México, esta investigación utiliza la metodología de cointegración de panel. Los resultados mostraron la existencia de cointegración de las series utilizadas e indican que las variables explicativas del modelo causan la tasa de desempleo. La estimación exhibió coeficientes positivos para la variable de flexibilidad laboral numérica; la evidencia de las estimaciones sugiere que el incremento de la flexibilidad laboral numérica ha incrementado la tasa de desempleo, aunque los contratos laborales temporales afectan negativamente a dicha tasa
653 0# - TERMINO DE INDIZACION - NO CONTROLADO
Término no controlado FLEXIBILIDAD LABORAL
653 0# - TERMINO DE INDIZACION - NO CONTROLADO
Término no controlado EMPLEO TEMPORAL
653 0# - TERMINO DE INDIZACION - NO CONTROLADO
Término no controlado TASA DE DESEMPLEO
653 0# - TERMINO DE INDIZACION - NO CONTROLADO
Término no controlado COINTEGRACION DE PANEL
856 4# - LOCALIZACIÓN Y ACCESO ELECTRÓNICOS
Identificador Uniforme del Recurso <a href="http://www.redalyc.org/articulo.oa?id=11149081003">http://www.redalyc.org/articulo.oa?id=11149081003</a>
905 ## - TIPO DE MATERIAL
Tipo de material Articulo

No items available.